No pierda el mejor puesto (Registro nro. 10905)
[ vista simple ]
| 000 -LEADER | |
|---|---|
| fixed length control field | 00343 a2200109 4500 |
| 001 - CONTROL NUMBER | |
| control field | ART_14846 |
| 005 - DATE AND TIME OF LATEST TRANSACTION | |
| control field | 20260410161614.0 |
| 008 - FIXED-LENGTH DATA ELEMENTS--GENERAL INFORMATION | |
| fixed length control field | 260409a |
| 100 1# - MAIN ENTRY--PERSONAL NAME | |
| Personal name | Goldsmith, Marshall |
| 245 10 - TITLE STATEMENT | |
| Title | No pierda el mejor puesto |
| 773 0# - HOST ITEM ENTRY | |
| Title | Harvard Business Review |
| Related parts | Líderes en transformación - Vol. 87, Nº 1 (ene. 2009) |
| Record control number | REV340 |
No hay ítems disponibles.